000 00574nam a2200229Ia 4500
003 OSt
005 20221005132144.0
006 a|||||r|||| 00| 0
007 ta
008 221004b |||||||| |||| 00| 0 tam d
024 _a52995
037 _cTextual
040 _aCRL
_cCRL
_btam
041 _2tam
_atam
082 _aV211.N5, 31J4
100 _aAruvar Au.
_9640666
245 0 _aThamizhaga varalaru
260 _c1954
650 _aTAMILNADU - HISTORY
_9228754
942 _hV211.N5, 31J4
_cTEXL
_2cc
999 _c1062595
_d1062595